The mushroom book /

Bibliographic Details
Main Author: Laessøe, Thomas
Other Authors: Lincoff, Gary, Del Conte, Anna
Format: Book
Language:English
Published: New York : DK Pub., 1996.
Edition:1st American ed.
Subjects:

MARC

Tag First Indicator Second Indicator Subfields
LEADER 00000cam a2200000 a 4500
001 in00001997751
005 20151031121340.0
008 960223s1996 nyua 001 0 eng
010 |a  96010835  
020 |a 0789410737 
035 |a (OCoLC)ocm34320440 
040 |a DLC  |c DLC  |d AGL  |d MLX  |d OCLCQ  |d TXA  |d UtOrBLW 
049 |a TXAM 
050 0 0 |a QK617  |b .L245 1996 
070 0 |a QK617.L245  |b 1996 
072 0 |a F110 
072 0 |a U600 
082 0 0 |a 589.2/22  |2 20 
100 1 |a Laessøe, Thomas. 
245 1 4 |a The mushroom book /  |c by Thomas Læssøe, Gary Lincoff, Anna Del Conte ; photography by Neil Fletcher. 
246 1 |i Subtitle on cover:  |a How to identify, gather and cook wild mushrooms and other fungi 
250 |a 1st American ed. 
264 1 |a New York :  |b DK Pub.,  |c 1996. 
300 |a 256 pages :  |b color illustrations ;  |c 30 cm. 
336 |a text  |b txt  |2 rdacontent 
337 |a unmediated  |b n  |2 rdamedia 
338 |a volume  |b nc  |2 rdacarrier 
500 |a Includes index. 
505 0 |a Introduction -- Field guide to wild mushrooms -- Ascomycota -- Basidiomycota -- Cooking with wild mushrooms -- Recipes. 
536 |a From the cookery collection of Jean and James Presnal '49, September 2004. 
650 0 |a Mushrooms  |v Identification. 
650 0 |a Edible mushrooms  |v Identification. 
650 0 |a Mushrooms  |v Pictorial works. 
650 0 |a Edible mushrooms  |v Pictorial works. 
650 0 |a Cooking (Mushrooms) 
700 1 |a Lincoff, Gary. 
700 1 |a Del Conte, Anna. 
948 |a cataloged  |b h  |c 2004/10/7  |d c  |e mphillip  |f 12:11:42 pm 
994 |a E0  |b TXA 
999 |a MARS 
999 f f |s 021cc0f0-e1d9-3838-85c1-73ce0563ab2f  |i a1b8905c-9575-3abf-a1f3-a4504a4fedf0  |t 0 
952 f f |p normal  |a Texas A&M University  |b College Station  |c Sterling C. Evans Library  |d Evans: Library Stacks  |t 0  |e QK617 .L245 1996  |h Library of Congress classification  |i unmediated -- volume  |m A14832231066 
998 f f |a QK617 .L245 1996  |t 0  |l Evans: Library Stacks